Kashmir: (Record no. 1435662)

MARC details
000 -LEADER
fixed length control field 00779 a2200241 4500
005 - DATE AND TIME OF LATEST TRANSACTION
control field 20251118114731.0
008 - FIXED-LENGTH DATA ELEMENTS--GENERAL INFORMATION
fixed length control field 251118b |||||||| |||| 00| 0 eng d
020 ## - INTERNATIONAL STANDARD BOOK NUMBER
International Standard Book Number 9788198445841 (hbk)
037 ## - SOURCE OF ACQUISITION
Terms of availability TB
040 ## - CATALOGING SOURCE
Original cataloging agency CRL
Transcribing agency CRL
041 ## - LANGUAGE CODE
Source of code eng
Language code of text/sound track or separate title eng
084 ## - COLON CLASSIFICATION NUMBER
Classification number V247.P1 R5
Assigning agency CRL
100 ## - MAIN ENTRY--PERSONAL NAME
Personal name Raina, Pramathesh
9 (RLIN) 821749
245 ## - TITLE STATEMENT
Title Kashmir:
Remainder of title dawn of a new era
260 ## - PUBLICATION, DISTRIBUTION, ETC.
Place of publication, distribution, etc. New Delhi, India:
Name of publisher, distributor, etc. Pentagon Press,
Date of publication, distribution, etc. 2025.
300 ## - PHYSICAL DESCRIPTION
Extent xxiv, 218p.
365 ## - TRADE PRICE
Price amount 995.00
Currency code INR
650 ## - SUBJECT ADDED ENTRY--TOPICAL TERM
Topical term or geographic name entry element Kashmir - History
9 (RLIN) 851967
650 ## - SUBJECT ADDED ENTRY--TOPICAL TERM
Topical term or geographic name entry element History
9 (RLIN) 851968
650 ## - SUBJECT ADDED ENTRY--TOPICAL TERM
Topical term or geographic name entry element Elections
9 (RLIN) 851969
942 ## - ADDED ENTRY ELEMENTS (KOHA)
Koha item type Textbook
Source of classification or shelving scheme Colon Classification (CC)
Suppress in OPAC No
Classification part V247.P1 R5
Holdings
Withdrawn status Lost status Source of classification or shelving scheme Damaged status Not for loan Home library Current library Date acquired Source of acquisition Cost, normal purchase price Inventory number Total Checkouts Full call number Barcode Date last seen Cost, replacement price Price effective from Koha item type
    Colon Classification (CC)     Central Library Central Library 2025-10-17 37/ International Book Distributors 796.00 122058 & 2025-10-01   V247.P1 R5 CL1924009 2025-10-17 995.00 2025-10-17 Textbook
Copyright @ Delhi University Library System